| 000 | 00490nam a22001817a 4500 | ||
|---|---|---|---|
| 003 | OSt | ||
| 005 | 20140310181709.0 | ||
| 008 | 121205t xxu||||| |||| 00| 0 eng d | ||
| 020 | _a971555217x | ||
| 050 |
_aG 131 _b.G147 1933 |
||
| 082 |
_aFIL 899.2113 _bG13 1997 |
||
| 100 | _aGalauran, Fausto J. | ||
| 245 |
_aMonghita / _cFausto J. Galauran. |
||
| 260 |
_aManila : _bDela Salle University Press, _c1933. |
||
| 300 |
_avi, 106 p. ; _c19 cm. |
||
| 942 |
_2lcc _cBK _kFIL |
||
| 999 |
_c1453 _d1453 |
||